[Event "DEN-chT 9899"]
[Site "Denmark"]
[Date "1999.??.??"]
[Round "5"]
[White "Brinck Claussen, Bjorn"]
[Black "Christensen, Tobias"]
[Result "1-0"]
[WhiteElo "2345"]
[BlackElo "2370"]

1.e4 g6 2.d4 Bg7 3.Nc3 c6 4.Bc4 d6 5.Qf3 d5 6.exd5 Nf6 7.dxc6 Nxc6 8.Bb5 Bd7
9.Be3 O-O 10.Qd1 Qa5 11.Ne2 Rad8 12.O-O a6 13.Bc4 Ng4 14.a3 Qh5 15.h3 Nxe3
16.fxe3 Qg5 17.Rf3 Bf5 18.Ba2 e5 19.d5 e4 20.Rg3 Qe7 21.Qf1 Na7 22.Nd4 Bd7
23.Qf4 Rde8 24.d6 Qe5 25.Rd1 Kh8 26.h4 Nc6 27.Nxc6 Bxc6 28.Bd5 f5 29.h5 Qxf4
30.exf4 gxh5 31.Rh3 Bxc3 32.Bxc6 e3 33.Bxe8 e2 34.Re1 Bxe1 35.Re3 Bg3 36.d7 Bxf4
37.Rxe2 Bg5 38.Kf2 h4 39.Kf3 Kg7 40.Re6 Bd8 41.Bh5 a5 42.c4 a4 43.Re8 Bg5
44.c5 Kg8 45.Kf2 Kg7 46.Bf3  1-0

[Event "DEN-chT 9899"]
[Site "Denmark"]
[Date "1999.??.??"]
[Round "5"]
[White "Skytte, Rasmus"]
[Black "Jacobsen, Bo"]
[Result "0-1"]
[WhiteElo "2277"]
[BlackElo "2283"]

1.Nc3 g6 2.e4 Bg7 3.d4 c6 4.Nf3 d6 5.Be3 b5 6.Bd3 Qc7 7.O-O Nd7 8.d5 b4 9.dxc6 bxc3
10.cxd7+ Bxd7 11.bxc3 Bxc3 12.Rb1 Nf6 13.Bh6 Ng4 14.Bg5 h6 15.Bf4 h5 16.h3 Ne5
17.Nxe5 dxe5 18.Bg5 Be6 19.Bb5+ Kf8 20.Ba6 Bxa2 21.Rb7 Qc6 22.Bxe7+ Kg7 23.Qd3 Rhb8
24.Rd7 Be6 25.Rd6 Qc7 26.Rd1 Bb4 27.Rxe6 Bxe7 28.Rxe7 Qxe7 29.Bc4 a5 30.Ra1 Ra7
31.Bd5 a4 32.Ra3 Qc5 33.g3 Rb2 34.Rc3 Qe7 35.Ra3 Qg5 36.Qc3 Rb1+ 37.Kg2 Qc1
38.Kf3 Qh1+ 39.Ke2 Qd1+ 40.Ke3 Qc1+ 41.Kf3 Ra6 42.Be6  0-1

[Event "Espe Cup"]
[Site "ECU"]
[Date "1999.??.??"]
[Round "?"]
[White "Pazos, Plinio"]
[Black "Mera Cedeno, Angel"]
[Result "1-0"]
[WhiteElo "2365"]
[BlackElo "2360"]

1.e4 g6 2.d4 Bg7 3.Nc3 c6 4.Nf3 d5 5.h3 Nh6 6.Bd3 O-O 7.O-O Na6 8.Re1 dxe4
9.Nxe4 Nb4 10.Bf1 Nf5 11.c3 Nd5 12.Bd2 b6 13.a4 Nd6 14.Bd3 Bf5 15.Qe2 Qc7
16.c4 Nf6 17.Nxd6 Bxd3 18.Qxe7 Qxe7 19.Rxe7 Ne8 20.Nxe8 Rfxe8 21.Rxe8+ Rxe8
22.Rc1 Re2 23.c5 Bxd4 24.Nxd4 Rxd2 25.cxb6 axb6 26.b4 c5 27.bxc5 bxc5 28.Rxc5 Be4
29.Nb5 Rd1+ 30.Kh2 Ra1 31.Nc3 Bb7 32.Rc7 Ba6 33.g4 h5 34.g5 h4 35.Nd5 Kg7
36.Nc3 Kf8 37.Rd7 Rc1 38.Nb5 Rc2 39.Kg2 Rc5 40.Nd6 Rxg5+ 41.Kf3 Bf1 42.Rxf7+ Kg8
43.Rf4 Rd5 44.Ne4 Rd3+ 45.Kg4 Rxh3 46.Kg5 Bd3 47.Nf6+ Kf7 48.Nd7+ Ke8 49.Ne5 Bc2
50.Rc4 Bb3 51.Rb4 Bc2 52.Kf6 Kd8 53.Rd4+ Ke8 54.Rb4 Kd8 55.Rd4+ Ke8 56.a5 Rh1
57.a6  1-0

[Event "Cataluna-ch U20"]
[Site "ESP"]
[Date "1999.??.??"]
[Round "?"]
[White "Fluvia, Jordi"]
[Black "Pi, Albert"]
[Result "1-0"]
[WhiteElo "2090"]
[BlackElo "2095"]

1.e4 g6 2.d4 Bg7 3.Nc3 c6 4.h3 d5 5.Nf3 Nf6 6.e5 Ne4 7.Bd3 Nxc3 8.bxc3 c5
9.dxc5 Nc6 10.Bf4 Qa5 11.O-O Qxc3 12.Rb1 Qa5 13.Qe2 e6 14.Rb5 Qc7 15.c4 O-O
16.Qe3 d4 17.Qe4 a6 18.Rb6 Qe7 19.Rxc6 bxc6 20.Qxc6 Ra7 21.Rb1 Rd7 22.Be4 h6
23.Rb8 Rc7 24.Qd6 Qxd6 25.cxd6 Rxc4 26.Nd2 Rc1+ 27.Kh2 g5 28.Bg3 Bd7 29.Rb6 a5
30.Nb3 Rc4 31.Nxa5 Rc5 32.Nb3 Rb5 33.Rxb5 Bxb5 34.Nxd4 Bd7 35.Bc6 Rd8 36.a4 Kf8
37.a5 Ke8 38.Bb7 Bc8 39.Be4 Rxd6 40.exd6 Bxd4 41.Bc6+ Kd8 42.f4 Bc3 43.fxg5 hxg5
44.h4 Bxa5 45.Be5 Bd7 46.Bxd7 Kxd7 47.h5  1-0

[Event "Cataluna-ch (Women)"]
[Site "ESP"]
[Date "1999.??.??"]
[Round "?"]
[White "Hernando, Inmaculada"]
[Black "Folch, Sylvia"]
[Result "1/2-1/2"]
[WhiteElo "2070"]
[BlackElo "1970"]

1.e4 g6 2.d4 Bg7 3.Nc3 c6 4.Be3 d6 5.Qd2 Nd7 6.Be2 Qa5 7.h4 h5 8.Nh3 Ngf6
9.f3 a6 10.a3 b5 11.b4 Qc7 12.a4 Nb6 13.d5 cxd5 14.Qd4 Nxe4 15.Qxg7 Qxc3+
16.Qxc3 Nxc3 17.Bxb6 Nxa4 18.Be3 Bf5 19.Bd3 Bxd3 20.cxd3 Rc8 21.Kd2 e5 22.Rhc1 Ke7
23.Rxc8 Rxc8 24.Rc1 Rxc1 25.Kxc1 d4 26.Bd2 f5 27.Ng5 Nb6 28.Kd1 Nd5 29.Ke2 Kf6
30.Kf2 Ke7 31.Nh3 Ke6 32.g3 Kf6 33.Kg2 Ke6 34.Ng1 Nc3 35.Kf2 Nd5 36.Ne2 Kf6
37.Nc1 Ke6 38.Nb3 Nc7 39.Na5 Kd7 40.Nb7 Kc6 41.Nd8+ Kd7 42.Nf7 Ke6 43.Ng5+ Kf6
44.Nh3  1/2-1/2

[Event "Tres Peons op"]
[Site "ESP"]
[Date "1999.??.??"]
[Round "6"]
[White "Segura Vila, JL."]
[Black "Vela Vela, A."]
[Result "1-0"]
[WhiteElo "2160"]
[BlackElo "1785"]

1.e4 g6 2.d4 Bg7 3.Nc3 c6 4.f4 d5 5.Nf3 Bg4 6.Be3 e6 7.Be2 Ne7 8.h3 Bxf3
9.Bxf3 dxe4 10.Bxe4 Nd5 11.Bxd5 cxd5 12.Qf3 Nc6 13.O-O-O Qb6 14.g4 Na5 15.Na4 Qb5
16.b3 Rc8 17.Bd2 Nc6 18.Bc3 Qa6 19.f5 b5 20.fxe6 fxe6 21.Nc5 Qxa2 22.Nxe6 Bf8
23.Rhf1 Ba3+ 24.Kd2 Ne7 25.Ra1 Rxc3 26.Qf7+ Kd7 27.Rxa2 Bb4 28.Nc5+ Rxc5+
29.Kd1 Rc7 30.Ra6 Rhc8 31.Qe6+ Ke8 32.Rf2 Bc3 33.Rd6  1-0

[Event "Cataluna-chT"]
[Site "ESP"]
[Date "1999.??.??"]
[Round "8"]
[White "Mateu Palau, E."]
[Black "Santos Izquierdo, D."]
[Result "1-0"]
[WhiteElo "2255"]
[BlackElo "2310"]

1.e4 g6 2.d4 Bg7 3.Nc3 c6 4.Nf3 d5 5.exd5 cxd5 6.Bb5+ Nc6 7.Ne5 Bd7 8.Nxd7 Qxd7
9.Be3 e6 10.Qd2 a6 11.Be2 Nge7 12.Na4 Ra7 13.Nc5 Qc8 14.c3 Nf5 15.Bf4 b6
16.Nd3 O-O 17.g4 Nfe7 18.h4 f6 19.h5 e5 20.dxe5 fxe5 21.Bh6 Qe6 22.Bxg7 Kxg7
23.hxg6 Nxg6 24.f3 Kh8 25.O-O-O e4 26.fxe4 dxe4 27.Nb4 Rd8 28.Nd5 b5 29.Kb1 e3
30.Qd3 Nf4 31.Nxf4  1-0

[Event "FIN-chT9899"]
[Site "FIN"]
[Date "1999.??.??"]
[Round "6"]
[White "Lindqvist, Tor Erik"]
[Black "Lindstedt, Johan"]
[Result "1/2-1/2"]
[WhiteElo "2248"]
[BlackElo "2261"]

1.e4 g6 2.d4 c6 3.Nc3 Bg7 4.h3 d6 5.a4 Nf6 6.Nf3 O-O 7.Be2 Nbd7 8.e5 dxe5
9.dxe5 Nd5 10.Nxd5 cxd5 11.Qxd5 Nxe5 12.Qxd8 Rxd8 13.Nxe5 Bxe5 14.Bd3 Bf5  1/2-1/2

[Event "FIN-chT9899"]
[Site "FIN"]
[Date "1999.??.??"]
[Round "8"]
[White "Lehtinen, Antti"]
[Black "Lindstedt, Johan"]
[Result "1-0"]
[WhiteElo "2155"]
[BlackElo "2261"]

1.e4 g6 2.d4 Bg7 3.Nc3 c6 4.Be3 d6 5.Qd2 Nd7 6.Bd3 b5 7.Nf3 Nb6 8.O-O Nf6
9.Bh6 O-O 10.e5 dxe5 11.dxe5 Ng4 12.Bxg7 Kxg7 13.h3 Nh6 14.a4 b4 15.Ne4 a5
16.Ng3 e6 17.Rfd1 Ba6 18.c4 Qe7 19.b3 c5 20.Qe3 Bb7 21.Be4 Bxe4 22.Nxe4 Rac8
23.Nf6 Nf5 24.Qg5 h6 25.Qf4 Qc7 26.g4 Ne7 27.Rd6 Rcd8 28.Rad1 Nec8 29.Nh5+  1-0

[Event "FIN-chT9899"]
[Site "FIN"]
[Date "1999.??.??"]
[Round "9"]
[White "Vihinen, Teemu"]
[Black "Lindstedt, Johan"]
[Result "1/2-1/2"]
[WhiteElo "2160"]
[BlackElo "2261"]

1.e4 g6 2.d4 Bg7 3.Nc3 c6 4.Be3 d6 5.a4 Nf6 6.h3 e5 7.dxe5 dxe5 8.Qxd8+ Kxd8
9.Nf3 Nfd7 10.a5 f6 11.Nd2 Kc7 12.Be2 Bf8 13.Nb3 Be7 14.O-O Nf8 15.f4 Be6
16.fxe5 fxe5 17.Nc5 Bg8 18.Nd3 Nbd7 19.Bh6 Ne6 20.Bg4 Bf8 21.Bxf8 Rxf8 22.Rxf8 Nexf8
23.Rf1 Ne6 24.Nd1 h5 25.Bxe6 Bxe6 26.Ne3 Kd6 27.Rd1 Ke7 28.b3 Rf8 29.Nf1 Rd8
30.Re1 Kd6 31.Rd1 Ke7 32.Re1 Kd6 33.Rd1  1/2-1/2

[Event "Hessenliga 9899"]
[Site "GER"]
[Date "1999.??.??"]
[Round "?"]
[White "Hoffmann, Alexander"]
[Black "Reschke, Thomas"]
[Result "1-0"]
[WhiteElo "2350"]
[BlackElo "2230"]

1.e4 g6 2.d4 Bg7 3.Nc3 c6 4.Nf3 d5 5.h3 Nf6 6.Bd3 dxe4 7.Nxe4 Nxe4 8.Bxe4 Qc7
9.O-O O-O 10.Re1 Nd7 11.c3 e5 12.Bc2 exd4 13.Nxd4 Nc5 14.Qf3 Ne6 15.Nf5 b6
16.Nxg7 Kxg7 17.h4 Bb7 18.h5 Rae8 19.Bd2 c5 20.Qg4 Bc8 21.Qh4 Qd8 22.h6+ Kg8
23.Qxd8 Rxd8 24.Rad1 c4 25.Be3 Rxd1 26.Bxd1 Nc7 27.Bf3 Be6 28.Rd1 Rc8 29.Bf4 Na8
30.Bb7 Re8 31.Bc6 Rc8 32.Bb7 Re8 33.Be5 f5 34.f4 Kf7 35.Rd4 b5 36.Bc6 Rc8
37.Bd7 Rc5 38.Bxe6+ Kxe6 39.Rd6+ Ke7 40.Ra6 Nb6 41.Rxa7+ Nd7 42.Bd4 Rd5 43.a3 Kf7
44.Ra6 g5 45.fxg5 Nf8 46.Kf2 f4 47.Rf6+ Kg8 48.Rxf4 Ne6 49.Rg4 Rxg5 50.Rxg5+ Nxg5
51.Be3  1-0

[Event "Oberliga Ost A9899"]
[Site "GER"]
[Date "1999.??.??"]
[Round "?"]
[White "Zesch, Ludwig"]
[Black "Hartwig, Maik"]
[Result "1-0"]
[WhiteElo "2105"]
[BlackElo "2175"]

1.e4 g6 2.d4 Bg7 3.Nc3 c6 4.Nf3 d5 5.h3 Nf6 6.Bd3 dxe4 7.Nxe4 Nxe4 8.Bxe4 Nd7
9.O-O O-O 10.Re1 Qc7 11.Bd3 e5 12.dxe5 Nc5 13.Bg5 Be6 14.Qe2 Rfe8 15.c4 Bd7
16.Rad1 f5 17.b4 Ne6 18.Bc1 c5 19.b5 a6 20.a4 axb5 21.axb5 Nd4 22.Nxd4 cxd4
23.Bf4 Be6 24.Ra1 Qc5 25.Qf3 Rxa1 26.Rxa1 Bc8 27.Ra8 Kf7 28.Qd5+ Qxd5 29.cxd5 g5
30.e6+ Kf6 31.Bc7 Bf8 32.b6 Bc5 33.Bb5 Rf8 34.Bd7 Bxd7 35.Rxf8+ Bxf8 36.exd7 Be7
37.d8=Q Bxd8 38.Bxd8+ Ke5 39.Bxg5 Kxd5 40.Kf1  1-0

[Event "Oberliga Nord N9899"]
[Site "GER"]
[Date "1999.??.??"]
[Round "?"]
[White "Thomaschke, Dirk"]
[Black "Schmidt, Wolfgang2"]
[Result "1-0"]
[WhiteElo "2035"]
[BlackElo "2095"]

1.e4 g6 2.d4 Bg7 3.Nc3 c6 4.f4 Qb6 5.Nf3 d5 6.e5 Bg4 7.a3 Nd7 8.Bd3 e6 9.O-O h5
10.h3 Bxf3 11.Qxf3 h4 12.Be3 Ne7 13.Ne2 Nf5 14.Bf2 Bf8 15.b3 Be7 16.Rfb1 Qc7
17.c4 Nb6 18.Rc1 Rd8 19.c5 Nd7 20.b4 Nb8 21.Kh1 Kf8 22.Ng1 Re8 23.Qe2 Kg7
24.Nf3 Rh5 25.Qe1 Reh8 26.a4 Qd8 27.Rc2 g5 28.Bxf5 exf5 29.fxg5 Bxg5 30.Nxg5 Qxg5
31.e6 Re8 32.Re2 fxe6 33.b5 Rh6 34.Rb1 Qe7 35.Rb3 Reh8 36.Qb1 Qe8 37.Be3 Rg6
38.Bf4 Nd7 39.bxc6 bxc6 40.Rb7 Kf6 41.Rxd7  1-0

[Event "Oberliga Ost A9899"]
[Site "GER"]
[Date "1999.??.??"]
[Round "?"]
[White "Darnstaedt, Frank"]
[Black "Seidens, Udo"]
[Result "1-0"]
[WhiteElo "2290"]
[BlackElo "2200"]

1.e4 g6 2.d4 Bg7 3.Nc3 c6 4.Nf3 d5 5.exd5 cxd5 6.Bb5+ Bd7 7.Bxd7+ Qxd7 8.Ne5 Bxe5
9.dxe5 d4 10.Ne2 Nc6 11.O-O O-O-O 12.Bf4 f6 13.exf6 e5 14.f7 Qxf7 15.Bg5 Rd7
16.Ng3 h6 17.Bd2 Nf6 18.Qe2 Kb8 19.a4 d3 20.cxd3 Nd5 21.Bc3 Re8 22.Qe4 Nf4
23.Rad1 Nd4 24.Rfe1 h5 25.Bxd4 Rxd4 26.Qe3 Qd5 27.f3 Nxd3 28.Ne2 Nxe1 29.Rxd4 Qc6
30.Re4 Nc2 31.Qc3 Qb6+ 32.Kh1 Rc8 33.Qxe5+ Ka8 34.h3 Qf2 35.Rc4 Rd8 36.Rxc2 a6
37.a5  1-0

[Event "Oberliga Nord O9899"]
[Site "GER"]
[Date "1999.??.??"]
[Round "?"]
[White "Rahls, Peter"]
[Black "Goebel, Wolfgang"]
[Result "1-0"]
[WhiteElo "2205"]
[BlackElo "2175"]

1.e4 g6 2.Nc3 Bg7 3.d4 c6 4.Be3 d6 5.Qd2 Nd7 6.f4 Ngf6 7.Nf3 Ng4 8.Bg1 O-O
9.h3 Nh6 10.g4 f6 11.Be3 Nf7 12.O-O-O b5 13.Kb1 Nb6 14.Bd3 Nc4 15.Bxc4 bxc4
16.f5 d5 17.Nh4 g5 18.Nf3 dxe4 19.Ne1 e6 20.Nxe4 exf5 21.gxf5 Bxf5 22.Nc5 Qd5
23.Rh2 a5 24.Ng2 a4 25.a3 Nd6 26.h4 Nb5 27.Qf2 c3 28.Bc1 Rfb8 29.Ka1 Bxc2
30.Qxc2 Nxd4 31.Qxc3 Nb3+ 32.Qxb3 Qxb3 33.Nxb3 Rxb3 34.Ne3 gxh4 35.Rxh4 Rab8
36.Nf5 R8b7 37.Rxa4 Bf8 38.Ra8 Kf7 39.Nd6+ Bxd6 40.Rxd6 c5 41.Raa6 Rf3 42.Bd2 Kg6
43.Bc3 Rf7 44.Rd1 h5 45.Rg1+ Kh7 46.Rd6 h4 47.Rd5 f5 48.Rd8 Rg3 49.Rh1 h3
50.Rh8+ Kg6  1-0

[Event "Hessenliga 9899"]
[Site "GER"]
[Date "1999.??.??"]
[Round "?"]
[White "Marchio, Enrico"]
[Black "Gallo, Jens"]
[Result "0-1"]
[WhiteElo "2320"]
[BlackElo "2245"]

1.e4 g6 2.d4 Bg7 3.Nc3 c6 4.f4 d5 5.e5 h5 6.Nf3 Bg4 7.h3 Bxf3 8.Qxf3 e6 9.Be3 h4
10.Bd3 Nh6 11.Bf2 Bf8 12.O-O-O Nf5 13.Ne2 Nd7 14.Bxf5 gxf5 15.g4 hxg3 16.Qxg3 Qa5
17.Kb1 O-O-O 18.h4 Nb6 19.h5 Nc4 20.Qd3 Bb4 21.Bh4 Rdg8 22.Bf6 Rh7 23.c3 Ba3
24.bxa3 Qb5+  0-1

[Event "NRW-Liga II 9899"]
[Site "GER"]
[Date "1999.??.??"]
[Round "6"]
[White "Florath, Patrick"]
[Black "Stoeckmann, Helmut"]
[Result "1/2-1/2"]
[WhiteElo "2305"]
[BlackElo "2240"]

1.e4 c6 2.d4 g6 3.Nc3 Bg7 4.Nf3 d5 5.h3 dxe4 6.Nxe4 Nh6 7.c3 O-O 8.Bc4 b6
9.O-O Ba6 10.Bxa6 Nxa6 11.Re1 Qc7 12.Qe2 Qb7 13.Bf4 Rad8 14.Ng3 e6 15.Ne4 Nc7
16.Bd6 Rfe8 17.Be5 Rf8 18.Bd6 Rfe8 19.Be5  1/2-1/2

[Event "NRW-Liga II 9899"]
[Site "GER"]
[Date "1999.??.??"]
[Round "8"]
[White "Prange, Stefan"]
[Black "Schlette, Marc"]
[Result "1-0"]
[WhiteElo "2160"]
[BlackElo "2025"]

1.d4 g6 2.e4 Bg7 3.Nc3 c6 4.Bc4 d6 5.Qf3 e6 6.Nge2 d5 7.Bb3 Nd7 8.O-O Ne7
9.Bf4 O-O 10.Qe3 dxe4 11.Nxe4 Nd5 12.Qd2 Nxf4 13.Qxf4 e5 14.dxe5 Bxe5 15.Qf3 Qc7
16.h4 Bg7 17.Nf4 Ne5 18.Qg3 Bf5 19.Rfe1 a5 20.a4 Kh8 21.Rad1 Rad8 22.Rxd8 Rxd8
23.Nd3 Rd7 24.Ng5 Bxd3 25.cxd3 h6 26.d4 hxg5 27.dxe5 Re7 28.hxg5 Bxe5 29.Qh3+ Kg8
30.Rd1 Bg7 31.Qd3 Kh7 32.Qd2 Qe5 33.Qd8 Re8 34.Qd3 Qe7 35.Qd2 Qc7 36.Bc4 c5
37.Qd5 Re7 38.b3 Bd4 39.Qf3 Kg8 40.g3 b6 41.Kg2 Qe5 42.Bd3 Qb8 43.Bb5 Re5
44.Qg4 Qa8+ 45.f3 Qd8 46.f4 Qa8+ 47.Kh2 Re3 48.Qd7 Qf3 49.Rg1 Rxb3 50.Rg2 Rb1
51.Qe8+ Kg7 52.Be2 Qc3 53.f5 gxf5 54.Bh5 Qb3 55.g6 fxg6 56.Qxg6+ Kh8 57.Qe8+ Kh7
58.Qe7+ Kg8 59.Qe8+ Kg7 60.Qg6+ Kh8 61.Qe8+ Kg7 62.Qd7+ Kf6 63.Re2 Bg1+ 64.Kg2 Be3
65.Qd8+ Ke5 66.Qe7+ Kd4 67.Qf6+ Kd3 68.Qxf5+ Kd4 69.Qg4+ Ke5 70.Qf4+  1-0

[Event "GER-ch 11th Seniors"]
[Site "Germany"]
[Date "1999.??.??"]
[Round "?"]
[White "Heil, Siegfried"]
[Black "Hoennekes, Klaus"]
[Result "1-0"]
[WhiteElo "2355"]
[BlackElo "2140"]

1.e4 g6 2.d4 Bg7 3.Nc3 c6 4.Be3 d5 5.Nf3 Bg4 6.Be2 Bxf3 7.Bxf3 e6 8.Qd2 a6
9.O-O-O b5 10.Rhe1 Ne7 11.Bg5 Ra7 12.h4 h6 13.Bf4 Kf8 14.Kb1 Kg8 15.g4 Nd7
16.h5 g5 17.Bd6 Nc8 18.Bg3 Ncb6 19.b3 Bf8 20.Ne2 a5 21.Nc1 Ba3 22.Bg2 Nf8
23.f4 Bd6 24.Rf1 Bxf4 25.Bxf4 gxf4 26.Qxf4 Nh7 27.exd5 Nxd5 28.Bxd5 cxd5
29.Nd3 Ng5 30.Nc5 Kh7 31.Qd2 Kg7 32.Rf2 Qe7 33.Rdf1 Rh7 34.Qf4 Qc7 35.Qf6+ Kg8
36.Re2 Qe7 37.Qf4 Qc7 38.Nxe6 Qxf4 39.Nxf4 Rd7 40.Re5 Kg7 41.Nxd5 Rh8 42.c3 Rb8
43.Ne3 Kh7 44.Nc2 Ne6 45.Rff5 b4 46.c4 Nxd4 47.Nxd4 Rxd4 48.Rxf7+ Kg8 49.Rf2 Rxg4
50.Rxa5 Rg1+ 51.Kb2 Kg7 52.Ra7+ Kg8 53.Ra6 Kg7 54.Raf6 Rb7 55.R6f5 Rg5 56.Rxg5+ hxg5
57.a3 Kh6 58.Rh2 g4 59.axb4 Rxb4 60.Kc3  1-0

[Event "Gyongyos op"]
[Site "Gyongyos"]
[Date "1999.??.??"]
[Round "8"]
[White "Paal, Attila"]
[Black "Gyurkovics, Miklos"]
[Result "0-1"]
[WhiteElo "2150"]
[BlackElo "2235"]

1.e4 g6 2.d4 Bg7 3.Nc3 c6 4.f4 d5 5.e5 h5 6.Bd3 Nh6 7.Nf3 Bf5 8.Be3 Nd7 9.Qd2 e6
10.O-O-O Bf8 11.g3 b5 12.Nh4 Nb6 13.Nxf5 Nxf5 14.Qf2 Nc4 15.Bxc4 bxc4 16.h3 Qa5
17.g4 Ng7 18.Kd2 Rb8 19.Rb1 Be7 20.Rhg1 hxg4 21.hxg4 Kd7 22.Ke2 Rh3 23.Qg2 Rxe3+
24.Kxe3 Rxb2 25.Ne2 Rxc2 26.Rgd1 Bh4  0-1

[Event "Hallsberg opJ"]
[Site "Hallsberg"]
[Date "1999.??.??"]
[Round "1"]
[White "Nolan, Graeme"]
[Black "Simacek, Pavel"]
[Result "0-1"]
[WhiteElo "2174"]
[BlackElo "2380"]

1.e4 g6 2.d4 Bg7 3.Nc3 c6 4.Nf3 d5 5.e5 f6 6.Bd3 Nh6 7.exf6 exf6 8.O-O O-O
9.Re1 Bg4 10.h3 Bxf3 11.Qxf3 f5 12.Bf4 Nf7 13.Ne2 Nd7 14.c4 Nf6 15.Be3 Ne4
16.Nf4 Qd6 17.Qd1 Bxd4 18.Bxd4 Qxf4 19.cxd5 cxd5 20.Rc1 b6 21.Ba6 Rad8 22.f3 Neg5
23.Bf6 Rde8 24.Be7 Rxe7 25.Rxe7 Nxf3+ 26.Qxf3 Qxc1+ 27.Kh2 Qc5 28.Qe2 Qd6+
29.Kh1 Ng5 30.Rxa7 Ne4 31.Qe1 Re8 32.Kg1 Qc5+ 33.Kh2 b5 34.Qg1 Qd6+ 35.g3 Nxg3  0-1

[Event "Havana Provincial"]
[Site "Havana"]
[Date "1999.??.??"]
[Round "?"]
[White "Rodriguez, Pedro"]
[Black "Li, Manuel"]
[Result "1-0"]
[WhiteElo "2373"]
[BlackElo "2312"]

1.e4 g6 2.d4 Bg7 3.Nc3 c6 4.g3 d6 5.Bg2 Nf6 6.Nge2 O-O 7.O-O Nbd7 8.h3 e5
9.Be3 Qc7 10.Qd2 b5 11.f4 exd4 12.Nxd4 Bb7 13.Ndxb5 cxb5 14.Nxb5 Qb8 15.Nxd6 Bc6
16.e5 Bxg2 17.Qxg2 Ne8 18.Nxe8 Rxe8 19.Rad1 Qc7 20.b3 Bf8 21.c4 Rab8 22.Rd3 Nc5
23.Rd5 a5 24.Qf2 Ne4 25.Qg2 Nf6 26.Rd3 Nd7 27.Rfd1 Nc5 28.Bxc5 Qxc5+ 29.Qf2 Qa3
30.Qc2 Rec8 31.Rd7 Qc5+ 32.Kh2 a4 33.R1d5 axb3 34.axb3 Qe3 35.Rd3 Qe1 36.Rd1 Qb4
37.R1d3 Ra8 38.Qg2 Ra1 39.h4 Rc5 40.h5 Qe1 41.hxg6 hxg6 42.Rd2 Qb1 43.Qf3 Rca5
44.Kh3 Qh1+ 45.Qxh1 Rxh1+ 46.Kg4 Rb1 47.Rb7 Ra3 48.Rd3 Bc5 49.Rd8+  1-0

[Event "Havana Provincial"]
[Site "Havana"]
[Date "1999.??.??"]
[Round "?"]
[White "Rodriguez, Pedro"]
[Black "Velez, Nestor"]
[Result "1/2-1/2"]
[WhiteElo "2373"]
[BlackElo "2315"]

1.d4 g6 2.e4 Bg7 3.Nc3 c6 4.g3 d5 5.exd5 cxd5 6.Bg2 Nc6 7.Nxd5 Nxd4 8.c3 Nc6
9.Be3 e6 10.Nf4 Qc7 11.Nf3 Nge7 12.O-O O-O 13.Bc5 Rd8 14.Qe2 e5 15.Rfe1 Bg4
16.Bxe7 Qxe7 17.h3 Bc8 18.Rad1 Be6 19.Nxe6 Qxe6 20.Qb5 Qe7 21.Nd2 f5 22.Bxc6 bxc6
23.Qxc6 Rac8 24.Qa4 Kh8 25.Nf1 Rf8 26.Rd7 Qf6 27.Ne3 f4 28.Ng4 Qf5 29.Qxa7 Ra8
30.Qb7 Rab8 31.Qc7 fxg3 32.Re2 gxf2+ 33.Rxf2 Qb1+ 34.Kh2 Rxb2 35.Rf7 Rxf2+
36.Nxf2 Qb8 37.Ne4 Qxc7 38.Rxc7 Ra8 39.Kg3 h5 40.Ng5 Bf6 41.Ne4 Bg7 42.Ng5 Bf6
43.Ne4 Bg7 44.Kh4 Rxa2 45.Rc8+ Kh7 46.Ng5+ Kh6  1/2-1/2

[Event "Havana Provincial"]
[Site "Havana"]
[Date "1999.??.??"]
[Round "?"]
[White "Ibanez, Dagoberto"]
[Black "Li, Manuel"]
[Result "1/2-1/2"]
[WhiteElo "2235"]
[BlackElo "2312"]

1.e4 g6 2.d4 Bg7 3.Nc3 c6 4.Nf3 d6 5.h3 Nf6 6.Be2 O-O 7.a4 Nbd7 8.O-O Qc7
9.Be3 b6 10.Re1 Bb7 11.Qd2 a6 12.e5 Nd5 13.exd6 Qxd6 14.Nxd5 cxd5 15.Bf4 Qc6
16.Bd3 Rfe8 17.Ra3 Rac8 18.b4 Qf6 19.Be5 Nxe5 20.dxe5 Qc6 21.Qe3 d4 22.Qxd4 Qc7
23.Nd2 Red8 24.Qe3 a5 25.Rb3 Bd5 26.Rbb1 Qc6 27.b5 Qb7 28.Qg3 Rc3 29.h4 Qc7
30.h5 Ra3 31.hxg6 hxg6 32.Qf4 Be6 33.Nf3 Bd5 34.Re3 Bxf3 35.Rxf3 e6 36.Re1 Rc3
37.Re4 Rc5 38.Rfe3 Rdd5 39.Rh3 Rxe5 40.Rxe5 Rxe5 41.Re3 Qc3 42.Rxe5 Bxe5
43.Qc4 Qa1+ 44.Bf1 Bd4 45.g3 Bc5 46.Kg2 Qe1  1/2-1/2

[Event "Basarrate mem-B"]
[Site "Havana"]
[Date "1999.??.??"]
[Round "?"]
[White "Pulido, Ariel"]
[Black "Rodriguez, Pedro"]
[Result "0-1"]
[WhiteElo "2205"]
[BlackElo "2370"]

1.e4 c6 2.d4 g6 3.Nc3 Bg7 4.Nf3 d6 5.Be2 Nf6 6.O-O O-O 7.a4 a5 8.Bf4 Bg4
9.Qd2 Re8 10.Rfe1 Nfd7 11.Bh6 Bxh6 12.Qxh6 Bxf3 13.Bxf3 e5 14.dxe5 dxe5 15.Rad1 Qe7
16.Be2 Nc5 17.Bc4 Nbd7 18.f4 exf4 19.h4 Ne5 20.Ba2 Qf6 21.Rf1 f3 22.gxf3 Ne6
23.Bxe6 Rxe6 24.Kg2 Nc4 25.Rd7 Re7 26.Rxe7 Qxe7 27.b3 Ne5 28.Qg5 f6 29.Qe3 Rd8
30.Rd1 Rxd1 31.Nxd1 Qb4 32.Nf2 Kg7 33.Kg3 Qd6 34.f4 Nd7 35.Kf3 Nc5 36.Nd3 Nxd3
37.cxd3 Qe6 38.Qb6 Qh3+ 39.Ke2 Qg4+ 40.Ke1 Qxh4+ 41.Ke2 Qg4+ 42.Ke1 Qh4+
43.Ke2 Qg4+ 44.Ke1 Qxf4 45.Qxb7+ Kh6 46.Qa7 Qc1+ 47.Ke2 Qc2+ 48.Ke3 Qc3 49.Qf7 c5
50.Qb7 f5 51.Qe7 Qe1+ 52.Kf4 Qf2+ 53.Ke5 Qg3+ 54.Ke6 f4  0-1

[Event "Basarrate mem-B"]
[Site "Havana"]
[Date "1999.??.??"]
[Round "?"]
[White "Ibarra, Joel"]
[Black "Rodriguez, Pedro"]
[Result "0-1"]
[WhiteElo "2176"]
[BlackElo "2373"]

1.e4 c6 2.d4 g6 3.Nc3 Bg7 4.Be3 d5 5.e5 b6 6.Qd2 Ba6 7.Bxa6 Nxa6 8.Nge2 e6
9.O-O h6 10.Ng3 Ne7 11.f4 h5 12.Nd1 h4 13.Ne2 Nf5 14.Bf2 Bf8 15.Ne3 Be7 16.h3 b5
17.a4 Qb6 18.axb5 cxb5 19.Nxf5 gxf5 20.Qa5 Qxa5 21.Rxa5 Nc7 22.c3 Kd7 23.b3 a6
24.Kh1 Kc6 25.Ng1 Rab8 26.b4 Rb6 27.Nf3 Kb7 28.Rfa1 Rc6 29.Be1 Ne8 30.R5a3 Ng7
31.Ng1 Nh5 32.Ne2 Rg8 33.Bf2 Bd8 34.Kh2 a5 35.bxa5 Ka6 36.Rb3 Be7 37.Ra2 Rc4
38.Rab2 Rb8 39.g4 hxg3+ 40.Bxg3 Ra4 41.Kg2 Ra1 42.Rb1 Ra2 43.R1b2 Rxb2 44.Rxb2 Rc8
45.Be1 Rc4 46.Kf3 Ra4 47.Ng3 Ra1 48.Re2 Ng7 49.Bf2 Rc1 50.Re3 Kxa5 51.Ne2 Rc2
52.Kg2 Nh5 53.Kf3 Ka4 54.Be1 Kb3 55.Bf2 Kc4 56.h4 Bd8 57.Be1 Ba5 58.Ng3 Ng7
59.h5 Nxh5 60.Nxh5 Bxc3 61.Ng3 b4 62.Bxc3 Rxc3 63.Nf1  0-1

[Event "Havana Provincial"]
[Site "Havana"]
[Date "1999.??.??"]
[Round "?"]
[White "Morales, Romary"]
[Black "Ibanez, Dagoberto"]
[Result "1-0"]
[WhiteElo "2210"]
[BlackElo "2225"]

1.e4 c6 2.Nc3 g6 3.d4 Bg7 4.h3 d5 5.Nf3 Nh6 6.Bf4 O-O 7.Qd2 dxe4 8.Nxe4 Nf5
9.c3 a5 10.Bd3 Na6 11.O-O Nc7 12.Ng3 Nxg3 13.fxg3 Ne8 14.Bh6 Qd6 15.Kh2 Be6
16.Rae1 Nf6 17.Qg5 Rfd8 18.Qh4 Bxa2 19.Re5 Be6 20.Bxg7 Kxg7 21.Ng5 h6 22.Nxe6+ fxe6
23.Qf4 Rf8 24.Qe3 Rf7 25.Rxe6 Qc7 26.Re1 Re8 27.Bb1 Kh7 28.Kg1 a4 29.g4 a3
30.bxa3 Qa5 31.Qd3 Rg8 32.Rxe7 Rxe7 33.Rxe7+ Kh8 34.Qe3 Qg5 35.Qxg5 hxg5
36.Rxb7 Ra8 37.Rc7 Rxa3 38.Rxc6 Nd5 39.c4 Nc3 40.Bxg6 Ne2+ 41.Kh2 Nxd4 42.Rd6 Ne2
43.Rd5 Nf4 44.Rxg5 Rc3 45.Bf7 Rc2 46.Bd5 Rd2 47.h4 Kh7 48.h5 Kh6 49.Rf5 Rd4
50.Kg3 Ne2+ 51.Kh4  1-0

[Event "HUN-chT29899"]
[Site "HUN"]
[Date "1999.??.??"]
[Round "?"]
[White "Nagy, Janos"]
[Black "Juhasz, Mihaly"]
[Result "1-0"]
[WhiteElo "2260"]
[BlackElo "2215"]

1.e4 g6 2.d4 Bg7 3.Nc3 c6 4.Bc4 d5 5.exd5 b5 6.Bb3 b4 7.Nce2 cxd5 8.a3 bxa3
9.Rxa3 Nf6 10.Nf3 O-O 11.O-O e6 12.Bd2 Nbd7 13.Qa1 Qb6 14.Ba5 Qd6 15.c3 Re8
16.Bb4 Qc7 17.Qa2 Bf8 18.Bxf8 Rxf8 19.Ra1 a6 20.Bc2 Qc4 21.Nc1 Qxa2 22.R1xa2 Rd8
23.Bd3 Nb8 24.b4 Rd6 25.Nb3 Nfd7 26.Nc5 Kf8 27.b5 Ke7 28.h4 h6 29.Ne5 g5
30.Ng4 gxh4 31.f4 f5 32.Ne5 Nf6 33.bxa6 Ne4 34.Ng6+ Kf6 35.Nxh4 Nxc5 36.dxc5 Rc6
37.a7 Nd7 38.Ba6 Rxc5 39.Bxc8 Rcxc8 40.Nf3 Rc7 41.Nd4 Rb7 42.Ra6 Nc5 43.Rc6 Ne4
44.Rxe6+ Kf7 45.Rxh6 Rb1+ 46.Kh2 Nxc3 47.Raa6 Ne4 48.Nxf5 Rb2 49.Rh7+ Kg8
50.Rg7+  1-0

[Event "HUN-chT29899"]
[Site "HUN"]
[Date "1999.??.??"]
[Round "?"]
[White "Lenart, Endre"]
[Black "Biro, Andras"]
[Result "0-1"]
[WhiteElo "2220"]
[BlackElo "2265"]

1.e4 g6 2.d4 Bg7 3.Nc3 c6 4.Be2 d5 5.Nf3 dxe4 6.Nxe4 Nd7 7.O-O Ngf6 8.Nc3 O-O
9.Bg5 Nd5 10.Nxd5 cxd5 11.Qd2 Nf6 12.Bh6 Ne4 13.Qe3 Bxh6 14.Qxh6 Bg4 15.Qe3 Nd6
16.b3 Rc8 17.Rfc1 b5 18.Ne5 Nf5 19.Qd2 Bxe2 20.Qxe2 Nxd4 21.Qd3 Nc6 22.Nxc6 Rxc6
23.Qxb5 Rc3 24.b4 e6 25.a4 Qc7 26.Qe2 Rc8 27.b5 d4 28.Re1 Rxc2 29.Qe4 Qc3
30.a5 d3  0-1

[Event "Godal mem"]
[Site "HUN"]
[Date "1999.??.??"]
[Round "5"]
[White "Eberth, Zoltan"]
[Black "Szecsenyi, Istvan"]
[Result "1-0"]
[WhiteElo "2270"]
[BlackElo "2110"]

1.e4 g6 2.d4 Bg7 3.Nc3 c6 4.d5 d6 5.Nf3 Nf6 6.h3 O-O 7.Be2 cxd5 8.exd5 b6
9.O-O Ba6 10.Re1 Bxe2 11.Qxe2 Re8 12.Be3 Nbd7 13.Nd4 Kf8 14.Rad1 Nc5 15.b4 Nb7
16.Qf3 Qd7 17.Rd3 Rec8 18.g4 Rc4 19.g5 Nh5 20.a3 Bxd4 21.Bxd4 Ng7 22.Qe4 Rc7
23.Qh4 Kg8 24.Bxg7 Kxg7 25.Qh6+ Kg8 26.Re4 f5 27.Rh4 e5 28.dxe6 Qxe6 29.Nd5 Rg7
30.Nf6+ Kf7 31.Re3 Qa2 32.Re7+  1-0